[Event "3.RSCO"]
[Site "Rostock"]
[Date "2004.??.??"]
[Round "4"]
[White "Risc 2, Mephisto"]
[Black "Star Diamond, Novag"]
[Result "0-1"]
[WhiteElo "2245"]
[BlackElo "2161"]
[Annotator "Völschow,Michael"]
[PlyCount "78"]
[EventDate "2003.??.??"]
[EventRounds "10"]
[EventCountry "GER"]
[SourceDate "2003.03.19"]

1. e4 e5 2. Nf3 Nc6 3. Bc4 Bc5 4. d3 Nf6 5. c3 d6 6. b4 Bb6 7. a4 {*} a6 8. O-O
O-O 9. a5 Ba7 {*} 10. Bg5 h6 11. Bh4 Bg4 12. h3 Be6 13. Nbd2 Qe7 14. Nh2 Bxc4
15. Nxc4 Qe6 16. Ne3 Ne7 17. Qf3 g5 18. Bg3 h5 19. h4 g4 20. Qe2 Nd7 21. Qd2 f5
22. Nd5 $2 {-0,84 Verliert den Läufer.} (22. exf5 Nxf5 23. Nxf5 Qxf5) 22...
Nxd5 {+0,92} 23. Qg5+ Kf7 (23... Kh7 24. Qxh5+ Qh6 25. Qxh6+ Kxh6 26. exd5 Nf6
27. d4 f4) 24. exd5 Qg6 25. Rae1 Kg7 26. Qe7+ Rf7 27. Qg5 f4 28. Bxf4 Rxf4 29.
Qxg6+ Kxg6 30. g3 Rff8 31. Kg2 Nf6 32. c4 Rae8 33. f3 gxf3+ 34. Rxf3 Ng4 35.
Nxg4 hxg4 36. Rff1 Bd4 37. Rxf8 Rxf8 38. h5+ Kxh5 39. Rh1+ Kg5 0-1

[Event "3.RSCO"]
[Site "Rostock"]
[Date "2004.??.??"]
[Round "5"]
[White "Star Diamond, Novag"]
[Black "Risc 2, Mephisto"]
[Result "1/2-1/2"]
[WhiteElo "2161"]
[BlackElo "2245"]
[Annotator "Völschow,Michael"]
[PlyCount "97"]
[EventDate "2003.??.??"]
[EventRounds "10"]
[EventCountry "GER"]
[SourceDate "2003.03.19"]

1. e4 c6 2. d4 d5 3. exd5 cxd5 4. c4 Nf6 5. Nc3 Nc6 6. Bg5 Qa5 7. Bxf6 exf6 8.
cxd5 Bb4 9. Qd2 Bxc3 10. bxc3 Qxd5 {*} 11. Ne2 O-O 12. Nf4 Qe4+ 13. Be2 {*} Re8
14. O-O-O $6 {Sehr gewagt. Der König wird hinter eine offnene Verteidigung
abgeschoben.} g5 $6 {Und Schwarz möchte Weiß in Nichts nachstehen und öffnet
ebenfalls seine Königsstellung.} 15. Nh5 Qg6 16. g4 Be6 17. h4 Bd5 18. f3 Rad8
19. Bd3 Qh6 20. hxg5 fxg5 21. Nf4 $18 {+0,34} Qf6 22. Nxd5 Rxd5 23. Qh2 (23.
Bxh7+) 23... Kf8 24. Qxh7 Re3 {-1,56} 25. Be4 Rb5 26. Qh8+ Qxh8 27. Rxh8+ Kg7
28. Rh7+ Kg8 29. Rdh1 Rxc3+ 30. Kd2 Ra3 31. Rh8+ Kg7 32. R1h7+ Kf6 33. Rf8
Rxa2+ 34. Kc3 Ra3+ 35. Kd2 Nxd4 36. Rhxf7+ Ke6 37. Rxb7 Rxb7 38. Bxb7 a5 39.
Re8+ Kf6 40. Be4 Kf7 41. Re5 a4 42. Kc1 Ra2 43. Kb1 Rf2 44. Rd5 Ne2 45. Rd3 Ke6
46. Bc6 Ke5 47. Bxa4 Kf4 48. Bd1 Rxf3 49. Bxe2 1/2-1/2

[Event "3.RSCO"]
[Site "Rostock"]
[Date "2004.??.??"]
[Round "6"]
[White "Risc 2, Mephisto"]
[Black "Star Diamond, Novag"]
[Result "0-1"]
[WhiteElo "2245"]
[BlackElo "2161"]
[Annotator "Völschow,Michael"]
[PlyCount "103"]
[EventDate "2003.??.??"]
[EventRounds "10"]
[EventCountry "GER"]
[SourceDate "2003.03.19"]

1. d4 d5 2. c4 dxc4 3. Nf3 Nf6 4. e3 Bg4 5. Bxc4 e6 6. h3 Bh5 7. Nc3 Nbd7 8.
O-O Bd6 9. e4 e5 10. Be2 O-O 11. dxe5 Nxe5 12. Nd4 Bxe2 {*} 13. Qxe2 Bc5 14.
Nb3 Bb4 15. Bg5 Bxc3 16. bxc3 h6 17. Rad1 Qe7 18. Bxf6 Qxf6 19. Qb5 (19. f4
Qb6+ 20. Kh1 Ng6 21. e5) 19... b6 20. f4 Ng6 21. e5 Qh4 22. f5 Nf4 23. Rf3 Rad8
24. Rdf1 Nd5 25. f6 Qe4 26. fxg7 Kxg7 27. Rg3+ Kh8 28. Qc6 f6 29. exf6 Rd6 30.
Qb7 Qe5 31. Rg6 Kh7 $11 {-0,03} 32. Rg7+ Kh8 33. Qxa7 $2 {Der RISC ist zu
gierig und greift fehl. Mehr als Remis war nicht drin, der Star hat sich
umsichtig verteidigt.} Rdxf6 34. Rxf6 Qxf6 35. Rg3 {-0,97} Qf2+ {+3,42} 36. Kh2
Qf4 37. Qb7 Ne3 38. Nd2 Nf5 39. Nf1 h5 40. Qf3 Nxg3 41. Nxg3 Qxf3 42. gxf3 h4
43. Ne2 Rxf3 44. Kg2 Re3 45. Nf4 Rxc3 46. Ng6+ Kg7 47. Nxh4 Kf6 48. a4 c5 49.
Nf3 Kf5 50. Nh4+ Ke4 51. Ng6 c4 52. Kf2 {Und der RISC gab gleichzeitig auf.}
0-1

[Event "3.RSCO"]
[Site "Rostock"]
[Date "2004.??.??"]
[Round "7"]
[White "Star Diamond, Novag"]
[Black "Risc 2, Mephisto"]
[Result "0-1"]
[WhiteElo "2161"]
[BlackElo "2245"]
[Annotator "Völschow,Michael"]
[PlyCount "74"]
[EventDate "2003.??.??"]
[EventRounds "10"]
[EventCountry "GER"]
[SourceDate "2003.03.19"]

1. d4 d5 2. c4 dxc4 3. e4 e5 4. Nf3 exd4 5. Bxc4 Bb4+ 6. Bd2 Bxd2+ 7. Nbxd2 Nc6
8. O-O Nf6 9. e5 Ng4 10. h3 Nh6 11. Nb3 {*} Nf5 {*} 12. Re1 O-O 13. Re4 Be6 14.
Bd3 Bd5 15. Rc1 $6 {Ein typischer Zug für den Star. Er opfert "auf Verdacht"
die Qualität, ohne die Folgen genau abschätzen zu können.} Bxe4 16. Bxe4 Nfe7
17. Nbxd4 Nxd4 18. Nxd4 c6 19. Qd3 Ng6 20. Rd1 Qb6 21. Rd2 Qa5 22. e6 Qxa2 23.
exf7+ Qxf7 24. Nf5 Qe6 25. Ne3 Rae8 26. Bf5 Qf7 27. Be4 Nf4 28. Qb1 g6 29. b4 {
-3,23 Der Star hat sich mal wieder mit seinem Opfer verschätzt.} Qe7 30. Bc2
Rd8 31. Bb3+ Kh8 32. Rxd8 Qxd8 33. Qa1+ Qf6 34. Qa2 Nd3 35. Qxa7 Qxf2+ $2 36.
Kh1 Qe1+ 37. Kh2 c5 0-1

[Event "3.RSCO"]
[Site "Rostock"]
[Date "2004.??.??"]
[Round "8"]
[White "Risc 2, Mephisto"]
[Black "Star Diamond, Novag"]
[Result "1/2-1/2"]
[WhiteElo "2245"]
[BlackElo "2161"]
[Annotator "Völschow,Michael"]
[PlyCount "82"]
[EventDate "2003.??.??"]
[EventRounds "10"]
[EventCountry "GER"]
[SourceDate "2003.03.19"]

1. d4 Nf6 2. c4 e6 3. Nf3 b6 4. a3 Bb7 5. Nc3 d5 6. cxd5 Nxd5 7. Qc2 Nxc3 8.
Qxc3 Bd6 {*} 9. g3 O-O 10. Bg2 {*} c5 11. dxc5 Bxc5 12. Bg5 f6 13. Bf4 e5 14.
Be3 Bxe3 15. Qxe3 Nc6 16. O-O Qd5 (16... Qe7) 17. Ng5 Qd7 18. Bh3 f5 19. Rfd1
Qe7 20. Bg2 Kh8 21. Rac1 Rad8 22. Rxd8 Nxd8 23. Bxb7 Nxb7 24. Nf3 e4 25. Nd4
Qd7 26. b4 Nd8 27. Qc3 h6 28. e3 Ne6 29. Nxe6 Qxe6 30. Qc7 Rf7 31. Qb8+ Kh7 32.
Rc8 Qa2 33. Rh8+ Kg6 34. Qe5 Qxa3 35. Qe6+ Rf6 36. Qe8+ Kg5 $6 {+0,19 Der Star
weicht dem Remisangebot erst einmal aus.} 37. Kg2 {+0,67} Qb3 38. h4+ Kg4 39.
Qd7 Rf7 40. Qd8 Qd3 41. Qg8 Qd1 1/2-1/2

[Event "3.RSCO"]
[Site "Rostock"]
[Date "2004.??.??"]
[Round "9"]
[White "Star Diamond, Novag"]
[Black "Risc 2, Mephisto"]
[Result "1/2-1/2"]
[WhiteElo "2161"]
[BlackElo "2245"]
[Annotator "Völschow,Michael"]
[PlyCount "75"]
[EventDate "2003.??.??"]
[EventRounds "10"]
[EventCountry "GER"]
[SourceDate "2003.03.19"]

1. d4 Nf6 2. c4 e5 3. dxe5 Ng4 4. Bf4 Nc6 5. Nf3 Bb4+ 6. Nc3 Bxc3+ 7. bxc3 Qe7
8. Qd5 f6 9. exf6 Nxf6 10. Qd3 d6 11. g3 Ne4 12. Bg2 Nc5 13. Qe3 (13. Qc2 Na5
14. Nd2 Be6 15. Bd5 O-O) 13... Ne6 14. Ng5 $6 (14. c5) 14... Nxf4 15. gxf4 Qxe3
16. fxe3 h6 17. Nf3 Na5 18. Nd2 Bf5 19. c5 dxc5 20. Nb3 (20. e4 Bd7 21. f5)
20... Nxb3 21. axb3 c6 22. Kf2 O-O 23. Ra5 Be6 24. Rxc5 g5 25. Kg3 Rae8 26. Re5
Bxb3 {-0,65} 27. Rb1 Rxe5 28. fxe5 $11 {+1,00} Bf7 (28... Bd5 29. e4 Bc4 30.
Rxb7 Rf7 $11) 29. Rxb7 Re8 30. Rxa7 Rxe5 31. Kf2 Rc5 32. Ra6 Rxc3 33. Rxc6 Rxc6
34. Bxc6 Kg7 35. e4 Kf6 36. Bd5 Bg6 37. Ke3 Ke5 38. Kf3 1/2-1/2

[Event "3.RSCO"]
[Site "Rostock"]
[Date "2004.??.??"]
[Round "10"]
[White "Risc 2, Mephisto"]
[Black "Star Diamond, Novag"]
[Result "1/2-1/2"]
[WhiteElo "2245"]
[BlackElo "2161"]
[Annotator "Völschow,Michael"]
[PlyCount "67"]
[EventDate "2003.??.??"]
[EventRounds "10"]
[EventCountry "GER"]
[SourceDate "2003.03.19"]

1. c4 e5 2. Nc3 Nc6 3. Nf3 Nf6 4. g3 Bb4 5. Bg2 O-O 6. O-O e4 7. Ng5 Bxc3 8.
bxc3 Re8 9. d3 exd3 10. exd3 h6 11. Ne4 {*} b6 12. Bf4 Bb7 13. Rc1 d6 14. Nxf6+
Qxf6 15. d4 Na5 16. Bxb7 Nxb7 17. Qa4 Na5 18. Rfe1 c6 19. Rcd1 Rad8 20. Qb4 Re6
(20... Rxe1+ 21. Rxe1 c5 22. Qb5) 21. c5 dxc5 22. dxc5 Rd5 23. cxb6 Qd8 $6 (
23... axb6) 24. Rb1 $2 (24. Bc7 Rxd1 25. Bxd8 Rexe1+ 26. Kg2 Rxd8 27. Qxa5)
24... Rxe1+ 25. Rxe1 axb6 26. Qe4 Rd1 27. Rxd1 Qxd1+ 28. Kg2 Qd5 29. Qxd5 cxd5
30. Be5 Nc4 31. Bd4 f6 32. g4 Kf7 33. f4 Ke6 34. f5+ 1/2-1/2

[Event "3.RSCO"]
[Site "Rostock"]
[Date "2004.??.??"]
[Round "1"]
[White "Berlin Pro, Mephisto"]
[Black "London 32 Bit, Mephisto"]
[Result "0-1"]
[WhiteElo "2254"]
[BlackElo "2227"]
[Annotator "Völschow,Michael"]
[PlyCount "84"]
[EventDate "2003.??.??"]
[EventRounds "10"]
[EventCountry "GER"]
[SourceDate "2003.03.19"]

1. d4 d5 2. c4 dxc4 3. Nf3 Nf6 4. e3 e6 5. Bxc4 c5 6. Qe2 a6 7. O-O b5 8. Bb3
Bb7 9. a4 Nbd7 10. Rd1 Be7 11. dxc5 O-O 12. Bc2 Bxc5 13. Ne5 {*} b4 14. Bxh7+ {
+0,06} (14. Nxd7 Nxd7 15. Nd2) 14... Kxh7 15. Nxd7 Nxd7 16. Qd3+ Kg8 17. Qxd7
Qb8 18. Qd3 Qe5 19. Nd2 Rfd8 20. Qe2 Qd5 21. Qg4 Rac8 22. Rf1 Bd6 23. Nf3 Rc4 {
+0,48} 24. Qh3 Qd3 25. Re1 Qg6 26. Kh1 {-0,66} Rdc8 $6 {Unverständlich. Der
London spielt zielgerichtet auf den Königsflügel. Im entscheidenen Moment
jedoch versagt er.} (26... Rc5 $18 {Und die Partie ist entschieden.} 27. Nh4
Qh7 28. Kg1 g5 29. Nf3 (29. e4 Qxh4 30. Qxh4 gxh4) 29... Qxh3 30. gxh3 Bxf3)
27. Rd1 Qc2 28. Rf1 Qe2 29. Bd2 Rc2 {+1,09} 30. Rad1 Bxf3 31. Qxf3 Rxd2 32.
Qxe2 Rxe2 33. Rxd6 Rxf2 34. Kg1 Rxb2 35. Rxa6 Rcc2 36. Kh1 Rxg2 37. Ra8+ Kh7
38. Rxf7 b3 39. Rf4 {-2,72} Rxh2+ 40. Kg1 Rbg2+ 41. Kf1 Ra2 42. Kg1 Rhc2 0-1

[Event "3.RSCO"]
[Site "Rostock"]
[Date "2004.??.??"]
[Round "2"]
[White "London 32 Bit, Mephisto"]
[Black "Berlin Pro, Mephisto"]
[Result "0-1"]
[WhiteElo "2227"]
[BlackElo "2254"]
[Annotator "Völschow,Michael"]
[PlyCount "112"]
[EventDate "2003.??.??"]
[EventRounds "10"]
[EventCountry "GER"]
[SourceDate "2003.03.19"]

1. d4 Nf6 2. c4 g6 3. Nc3 Bg7 4. e4 d6 5. Nf3 O-O 6. Be2 e5 7. O-O Nc6 8. d5
Ne7 9. Nd2 a5 10. b3 c5 11. a3 Ne8 12. Rb1 f5 13. b4 axb4 14. axb4 {*} b6 {*}
15. f3 (15. Qb3 Nf6 16. Bd3 Bh6 17. Rb2 Ra1 18. Qc2 Bf4 19. Nf3 fxe4 20. Nxe4
Nxe4 21. Bxe4 Rxc1) 15... f4 16. Qb3 Bd7 17. Bb2 Nf6 18. Ra1 Qc7 19. b5 Qb7 20.
Qc2 g5 21. Rxa8 Rxa8 22. Ra1 Rxa1+ 23. Bxa1 Bc8 24. Qa4 Ng6 25. Bb2 Nh4 26. Bd3
h6 27. Bc2 g4 28. Qa1 gxf3 29. Nxf3 Nxf3+ 30. gxf3 Nh7 31. Na4 Ng5 32. Qf1 Bf6
33. Kh1 Bd8 34. Nc3 Qg7 35. Bd1 Qg6 36. Qg1 Kh7 37. Be2 Qh5 38. Qg2 Nh3 39. Nd1
Bh4 40. Bc3 Kh8 41. Bb2 Be1 42. Ba1 Kh7 43. Bb2 Qh4 44. Bc1 Ng5 45. Bb2 h5 (
45... Bh3 46. Qg1 Bg3 47. Bc3 Bf1 48. Bxf1 Nxf3 49. Qg2 Nxh2 50. Qh3 Nxf1 51.
Qxh4 Bxh4) 46. Ba1 Nh3 (46... Bh3) 47. Bb2 Bd2 48. Qf1 Be3 49. Bc3 Nf2+ 50.
Nxf2 Bxf2 {+2,81} 51. Qa1 Bg3 52. Qg1 Bh3 53. Bxe5 dxe5 54. Bd3 Be1 55. Bf1 Bf2
56. Bxh3 Bxg1 0-1

[Event "3.RSCO"]
[Site "Rostock"]
[Date "2004.??.??"]
[Round "3"]
[White "Berlin Pro, Mephisto"]
[Black "London 32 Bit, Mephisto"]
[Result "1-0"]
[WhiteElo "2254"]
[BlackElo "2227"]
[Annotator "Völschow,Michael"]
[PlyCount "125"]
[EventDate "2003.??.??"]
[EventRounds "10"]
[EventCountry "GER"]
[SourceDate "2003.03.19"]

1. d4 Nf6 2. c4 g6 3. Nc3 Bg7 4. e4 d6 5. Nf3 O-O 6. Be2 e5 7. O-O Nc6 8. d5
Ne7 9. Nd2 a5 10. b3 c5 11. a3 Ne8 12. Rb1 f5 13. b4 axb4 14. axb4 {*} b6 {*
Exakt die gleiche Eröffnung wie in Partie 2, nur das diesmal die Seiten
getauscht wurden. Mal sehen, wie die Beiden den Königsinder mit der anderen
Farbe behandeln.} 15. f3 f4 16. Qb3 Bf6 (16... Bd7 17. Bb2 Nf6) 17. Bb2 Bh4 18.
Ra1 Bd7 19. Rxa8 Qxa8 20. Ra1 Qc8 21. Ra7 Nf6 22. b5 Kg7 23. Qa3 Be1 24. Nb3 g5
25. Qa6 Bxc3 26. Bxc3 Qe8 27. Rc7 Nc8 28. Bd3 h5 29. Nd2 g4 30. Qb7 Rg8 31. Be2
Kh8 32. Nf1 gxf3 33. Bxf3 Rg7 34. Be1 Kh7 35. Bh4 Kg6 36. Bxf6 Kxf6 37. Bxh5
Qd8 38. Be2 Kg5 39. Nd2 Kh6 40. Nf3 Rh7 41. h4 Kg6 42. h5+ Kh6 43. Nh2 Re7 44.
Bg4 Bxg4 45. Nxg4+ Kxh5 46. Nf6+ Kg6 47. Rxc8 Rxb7 48. Rxd8 Kxf6 49. Rxd6+ Kf7
50. Re6 Ra7 51. Rxb6 Ra4 52. Re6 Rxc4 53. Rxe5 Rb4 54. Rf5+ Ke7 55. Rxf4 Rxb5
56. Kf2 Rb2+ 57. Kf3 Rb3+ 58. Kg4 c4 59. Rf2 Rd3 60. Kf4 c3 61. g4 Rd2 62. Rf3
c2 63. Rc3 1-0

[Event "3.RSCO"]
[Site "Rostock"]
[Date "2004.??.??"]
[Round "4"]
[White "London 32 Bit, Mephisto"]
[Black "Berlin Pro, Mephisto"]
[Result "0-1"]
[WhiteElo "2227"]
[BlackElo "2254"]
[Annotator "Völschow,Michael"]
[PlyCount "74"]
[EventDate "2003.??.??"]
[EventRounds "10"]
[EventCountry "GER"]
[SourceDate "2003.03.19"]

1. d4 d5 2. c4 dxc4 3. Nf3 Nf6 4. e3 e6 5. Bxc4 c5 6. O-O a6 7. Qe2 b5 8. Bb3
Bb7 9. Nc3 Nbd7 10. e4 cxd4 11. Nxd4 Bd6 12. Rd1 Qb8 13. g3 b4 14. Na4 O-O 15.
Bc2 {*} a5 {*} 16. f4 Be7 17. e5 Nd5 18. Qd3 g6 19. Qe2 Qa7 20. Be4 Bc6 21. Bc2
Rfc8 22. Bb3 Bb7 23. h3 Bf8 24. Bc4 Rc7 25. Kh2 Ba6 26. b3 Nc5 27. Nxc5 Qxc5
28. Bb2 Bxc4 29. bxc4 Qxc4 30. Qf3 Rac8 31. Rdc1 Nc3 32. Nb3 a4 33. Nd2 Qe2+
34. Qxe2 Nxe2 35. Re1 Rc2 {+3,39} 36. Rxe2 Rxb2 37. Kg2 {-3,54} Rcc2 0-1

[Event "3.RSCO"]
[Site "Rostock"]
[Date "2004.??.??"]
[Round "5"]
[White "Berlin Pro, Mephisto"]
[Black "London 32 Bit, Mephisto"]
[Result "0-1"]
[WhiteElo "2254"]
[BlackElo "2227"]
[Annotator "Völschow,Michael"]
[PlyCount "80"]
[EventDate "2003.??.??"]
[EventRounds "10"]
[EventCountry "GER"]
[SourceDate "2003.03.19"]

1. e4 e6 2. d4 d5 3. Nc3 Bb4 4. e5 c5 5. Bd2 Ne7 6. Nb5 Bxd2+ 7. Qxd2 O-O 8.
dxc5 Nd7 9. f4 Nxc5 {*} 10. Nf3 {*} Ne4 11. Qc1 Nf5 12. c3 Bd7 13. Qc2 Bxb5 14.
Bxb5 Qb6 {+1,36} 15. Bd3 {-1,06} Qe3+ 16. Qe2 Qxf4 17. O-O Nc5 18. Rae1 Nxd3
19. Qxd3 Qa4 20. a3 Rac8 21. Nd4 Nxd4 22. cxd4 Qc2 23. Qb5 Qc4 24. Qxc4 Rxc4
25. Rf4 h5 26. h4 Rc2 27. Rf2 Rfc8 28. Kf1 a5 29. Ree2 Rc1+ 30. Re1 a4 31. g3
b5 32. Ke2 R8c2+ 33. Kf1 Rxf2+ 34. Kxf2 Rxe1 35. Kxe1 {-2,06} f6 36. exf6 gxf6
37. Ke2 e5 38. Kd3 Kf7 39. Ke2 Ke6 40. Ke3 Kf5 {+6,78} 0-1

[Event "3.RSCO"]
[Site "Rostock"]
[Date "2004.??.??"]
[Round "6"]
[White "London 32 Bit, Mephisto"]
[Black "Berlin Pro, Mephisto"]
[Result "1/2-1/2"]
[WhiteElo "2227"]
[BlackElo "2254"]
[Annotator "Völschow,Michael"]
[PlyCount "108"]
[EventDate "2003.??.??"]
[EventRounds "10"]
[EventCountry "GER"]
[SourceDate "2003.03.19"]

1. e4 Nf6 2. e5 Nd5 3. d4 d6 4. Nf3 g6 5. exd6 cxd6 6. c4 Nb6 7. Be2 Bg7 8. h3
O-O 9. Nc3 Nc6 10. Be3 Bf5 11. O-O d5 12. c5 Nc4 13. Bxc4 dxc4 14. Qa4 e5 15.
Rfd1 Nxd4 16. Nxd4 exd4 17. Bxd4 Bxd4 18. Qxc4 Bxf2+ {*} 19. Kxf2 Qg5 20. h4
Qe7 21. Nd5 Qe5 22. Qd4 f6 23. Rd2 Rae8 24. Qxe5 Rxe5 25. b4 Kg7 26. Ne3 Be6
27. a3 Re8 28. g3 Bb3 29. Re1 Ba4 30. Rd6 Bc6 31. Rdd1 h6 32. Rd6 a5 33. Nc2
Rf5+ 34. Kg1 Rxe1+ 35. Nxe1 Kf7 36. Rd2 g5 37. hxg5 hxg5 38. Rd6 a4 39. Rd8 Ke6
40. Nc2 Ke7 41. Rd3 Be4 42. Re3 Re5 43. Nd4 Bd5 44. Kf2 Kd7 45. Nb5 (45. Rxe5
fxe5 46. Nf3 Ke6 47. Nxg5+) 45... Rf5+ 46. Ke1 Bc4 47. Nd6 Rf1+ 48. Kd2 Bd5 49.
Rd3 Ke6 50. b5 Rb1 51. Re3+ Kd7 52. Rd3 Ke6 53. Re3+ Kd7 54. Rd3 Ke6 1/2-1/2

[Event "3.RSCO"]
[Site "Rostock"]
[Date "2004.??.??"]
[Round "7"]
[White "Berlin Pro, Mephisto"]
[Black "London 32 Bit, Mephisto"]
[Result "0-1"]
[WhiteElo "2254"]
[BlackElo "2227"]
[Annotator "Völschow,Michael"]
[PlyCount "114"]
[EventDate "2003.??.??"]
[EventRounds "10"]
[EventCountry "GER"]
[SourceDate "2003.03.19"]

1. e4 Nf6 2. e5 Nd5 3. c4 Nb6 4. d4 d6 5. exd6 cxd6 6. h3 g6 7. Nf3 Bg7 8. Be2
O-O 9. O-O Nc6 10. Nc3 Bf5 11. Be3 d5 12. c5 Nc4 13. Bxc4 dxc4 14. Qa4 e5 15.
Rfd1 Nxd4 16. Nxd4 exd4 17. Bxd4 Bxd4 18. Qxc4 {*} Bxf2+ {*} 19. Kxf2 Qe7 20.
Nd5 Qe5 21. Qd4 f6 22. Kg1 Kg7 23. Qxe5 fxe5 24. g4 Bd7 25. Nc7 Rad8 26. Rd6
Bc8 27. Re1 Rxd6 28. cxd6 Kf6 29. Kg2 Rd8 30. Kg3 g5 31. b4 b6 32. Rf1+ Kg7 {
-0,48} 33. Rd1 Kf6 34. Rd2 e4 35. a4 Bb7 36. Kf2 $2 (36. d7 Ke7 37. Nd5+ Ke6
38. Nc7+ Ke5 39. b5 $11) 36... Ke5 37. Ke3 Rxd6 38. Rxd6 Kxd6 39. Nb5+ Kd5 40.
Nxa7 Kc4 41. Nb5 Kxb4 42. Nd6 Bd5 43. Ne8 h6 44. Nf6 Bc4 45. Nxe4 Bf1 {+1,27} (
45... Kxa4) 46. Nd2 Bg2 47. Kf2 Bc6 48. Nb1 Kb3 49. Ke3 Kxa4 50. Nc3+ Kb4 51.
Nd1 b5 52. Ke2 Ka3 53. Ne3 b4 54. Nc2+ Kb3 55. Nd4+ Kc3 {+3,57} 56. Ke3 b3 57.
Nxb3 Kxb3 0-1

[Event "3.RSCO"]
[Site "Rostock"]
[Date "2004.??.??"]
[Round "8"]
[White "London 32 Bit, Mephisto"]
[Black "Berlin Pro, Mephisto"]
[Result "1-0"]
[WhiteElo "2227"]
[BlackElo "2254"]
[Annotator "Völschow,Michael"]
[PlyCount "183"]
[EventDate "2003.??.??"]
[EventRounds "10"]
[EventCountry "GER"]
[SourceDate "2003.03.19"]

1. d4 Nf6 2. c4 g6 3. Nc3 Bg7 4. e4 d6 5. Nf3 O-O 6. Be2 e5 7. Be3 Na6 8. O-O
Ng4 9. Bg5 f6 10. Bc1 Kh8 11. h3 Nh6 12. dxe5 dxe5 {*} 13. Be3 {*} c6 14. a3
Be6 15. Qc1 Nf7 16. Rd1 Qc7 17. b4 Nd6 18. Nd2 (18. c5 Nc4 19. Bh6) 18... Rfd8
19. c5 Ne8 20. Qc2 Qf7 21. Bxa6 bxa6 22. Qa4 Rd3 23. Rac1 Qb7 24. Nb3 Rxd1+ 25.
Rxd1 Rc8 26. Na5 Qc7 27. Qc2 Rb8 28. Qd3 Qc8 29. Ne2 {+0,87} (29. f4) 29... f5
30. f3 fxe4 31. Qxe4 Bd5 32. Qd3 Nc7 33. Nc3 Nb5 34. Bd2 Qe6 35. Be1 Rd8 36. a4
Nc7 37. Ne4 Rb8 38. Bd2 Qf7 39. Re1 Qf5 40. Nc4 Rf8 41. Ncd6 Qe6 42. Ra1 Bb3
43. Ra3 Bd5 44. Bc3 Qe7 45. Ra1 Qh4 46. Be1 Qe7 47. Bc3 Qe6 48. Rd1 Bb3 49. Ra1
h6 50. Nd2 Kh7 51. Kh2 Rf4 52. Nb7 Qd5 53. Qb1 Bc4 54. Qb2 Bd3 55. Re1 Qd7 56.
Nd6 Nd5 57. N2e4 Nxc3 58. Qxc3 Bxe4 59. Nxe4 Qd4 60. Qb3 Qd5 61. Qxd5 cxd5 62.
Nd6 Bf6 {-1,54} 63. c6 Bd8 64. Rc1 (64. Ne8 Rc4 65. Rxe5 Rxc6 66. Rxd5) 64...
Bc7 65. Ne8 Rf7 66. Kg3 d4 67. b5 {+1,81} axb5 68. axb5 Ba5 69. c7 Bxc7 70.
Nxc7 Rd7 71. Ne8 Re7 72. Nd6 Rd7 73. Ne4 Kg7 74. Nf2 h5 75. Nd3 Rd5 76. Rc7+
Kf6 77. Rb7 Kf5 78. Kh4 Kf6 79. g4 hxg4 80. hxg4 Ke6 81. g5 Kd6 82. Kg3 Ke6 83.
Kg4 Kd6 84. Rg7 Rxb5 85. Rxg6+ Kd5 86. Kf5 Rb8 87. Rf6 Re8 88. Rf7 a5 89. g6 e4
90. Rd7+ Kc4 91. Ne5+ Kc3 92. Kxe4 {+4,75} 1-0

[Event "3.RSCO"]
[Site "Rostock"]
[Date "2004.??.??"]
[Round "9"]
[White "Berlin Pro, Mephisto"]
[Black "London 32 Bit, Mephisto"]
[Result "1/2-1/2"]
[WhiteElo "2254"]
[BlackElo "2227"]
[Annotator "Völschow,Michael"]
[PlyCount "80"]
[EventDate "2003.??.??"]
[EventRounds "10"]
[EventCountry "GER"]
[SourceDate "2003.03.19"]

1. e4 e5 2. Nf3 Nc6 3. Bb5 a6 4. Ba4 Nf6 5. O-O Be7 6. Re1 b5 7. Bb3 O-O 8. c3
d5 {Hallo. Ein Lang Programm spielt den Marshall Angriff, Respekt. Na dann
wollen wir mal schauen.} 9. exd5 Nxd5 10. Nxe5 Nxe5 11. Rxe5 c6 12. d4 Bd6 13.
Re1 Qh4 14. g3 Qh3 15. Be3 Bg4 16. Qd3 Rae8 17. Nd2 Re6 18. a4 f5 19. Qf1 Qh5
20. f4 bxa4 21. Rxa4 Rfe8 22. Qf2 g5 23. Rxa6 gxf4 24. gxf4 Kh8 25. Bxd5 {*}
cxd5 {*} 26. Nf1 Bf3 (26... Bh3 27. Ng3 Qg4 28. b4 (28. Kh1 Bxf4 29. Rxe6 Rxe6
30. Bd2 Bxd2 31. Rxe6 Qd1+ 32. Nf1 Qxf1+ 33. Qxf1 Bxf1 $17) 28... h5 29. c4 h4
$18) 27. Ng3 Rg8 28. Ra8 Reg6 29. Rxg8+ Rxg8 30. Bd2 Be4 31. Ra1 Qg4 32. Kf1
Be7 {-0,36} (32... Bd3+ 33. Kg2 Be4+ 34. Kf1 Bd3+ $11) 33. Ra7 Qh3+ 34. Ke1 Bh4
35. Kd1 Bxg3 36. hxg3 {0,00} Rxg3 $19 {0,00 Der London sieht es nicht, aber
die Partie ist für Weiß verloren.} 37. Ra8+ Kg7 38. Ra7+ Kh8 (38... Kh6 39.
Ra6+ Kh5 40. Ra7 h6 41. Re7 Qg4+ 42. Kc1 Rg1+ 43. Be1 Rg2 $19) 39. Ra8+ Kg7 40.
Ra7+ Kh8 1/2-1/2

[Event "3.RSCO"]
[Site "Rostock"]
[Date "2004.??.??"]
[Round "10"]
[White "London 32 Bit, Mephisto"]
[Black "Berlin Pro, Mephisto"]
[Result "0-1"]
[WhiteElo "2227"]
[BlackElo "2254"]
[Annotator "Völschow,Michael"]
[PlyCount "114"]
[EventDate "2003.??.??"]
[EventRounds "10"]
[EventCountry "GER"]
[SourceDate "2003.03.19"]

1. c4 e5 2. Nc3 Nf6 3. Nf3 Nc6 4. g3 Bc5 5. Bg2 d6 6. O-O O-O 7. d3 h6 8. a3 a6
9. b4 Ba7 10. e3 Be6 11. Qc2 Qd7 12. Bb2 Bh3 13. Rac1 Rac8 14. Rfe1 Bxg2 15.
Kxg2 Rfe8 16. Rcd1 Ne7 17. d4 exd4 18. exd4 {*} Ng6 {*} 19. Ne4 Nf4+ 20. Kh1
N4h5 21. Nxf6+ Nxf6 22. d5 Ng4 23. Rxe8+ Rxe8 24. Rd2 c6 25. Kg2 cxd5 26. cxd5
Bxf2 27. Qc3 f6 28. Rxf2 Nxf2 29. Kxf2 Qf5 30. Qd2 Rc8 31. Bc3 Rc4 32. Ke3 Qe4+
33. Kf2 Rc8 34. Ne1 a5 35. h3 Qc4 36. Bb2 axb4 37. axb4 Qb3 38. Kg2 Rc4 39. Qe2
Qxb4 40. Ba3 $2 (40. Nc2 Qc5 41. Qe6+ Kh7 42. Ne3 Rc2+ 43. Nxc2 Qxc2+ 44. Kf3
Qxb2 45. Qe4+ $11) 40... Qa4 {+0,96} 41. Qe6+ $2 (41. Qd3) 41... Kh8 42. Qxd6 {
-1,45} Re4 43. Nd3 Re3 44. Nf2 Qxa3 45. Qc7 Qe7 46. Qc8+ Kh7 47. Qc2+ g6 48.
Qc8 f5 49. d6 Qxd6 50. Qxb7+ Qe7 51. Qd5 Qc7 52. Nh1 Rc3 53. Qa8 Qc6+ 54. Qxc6
Rxc6 55. Nf2 Rc2 56. h4 g5 57. hxg5 hxg5 (57... Rxf2+ $1) 0-1

[Event "3.RSCO"]
[Site "Rostock"]
[Date "2004.??.??"]
[Round "1"]
[White "Magellan, Mephisto"]
[Black "Risc 2, Mephisto"]
[Result "1/2-1/2"]
[WhiteElo "2195"]
[BlackElo "2245"]
[Annotator "Völschow,Michael"]
[PlyCount "46"]
[EventDate "2003.??.??"]
[EventRounds "10"]
[EventCountry "GER"]
[SourceDate "2003.03.19"]

1. e4 c5 2. Nf3 Nc6 3. d4 cxd4 4. Nxd4 e5 5. Nb5 a6 6. Nd6+ Bxd6 7. Qxd6 Qf6 8.
Qd1 Qg6 9. Nc3 {*} d5 10. Nxd5 Qxe4+ 11. Be3 Nd4 12. Nc7+ Ke7 13. Nxa8 Nxc2+
14. Kd2 Nxe3 15. fxe3 Nf6 16. Qb3 Rd8+ 17. Ke1 Ng4 {*} 18. Qa3+ (18. Qc3 Nxe3
19. Kf2 Nc2 20. Qc5+ Kf6 21. Qb6+ Ke7) 18... Kf6 19. Qc5 {-0,3} Nxe3 {0,00} (
19... Be6 20. Be2 Nxe3 21. Kf2 Qf4+ 22. Kg1 Rd2 $19) 20. Qb6+ Ke7 21. Qc5+ Kf6
22. Qb6+ Ke7 23. Qc5+ Kf6 1/2-1/2